Gendai Nihon no kōkigyō : keiei saiken no to o saguru /
Saved in:
| Main Author: | |
|---|---|
| Format: | Book |
| Language: | Japanese |
| Published: |
Tōkyō :
Nihon Keizai Shinbunsha,
Shōwa 51 [1976]
|
| Series: | Nikkei shinsho ;
255 |
| Subjects: | |
| Tags: |
Add Tag
No Tags, Be the first to tag this record!
|
| LEADER | 00738cam a2200229Ii 4500 | ||
|---|---|---|---|
| 001 | 007770890-3 | ||
| 005 | 20020606104010.5 | ||
| 008 | 780525s1976 ja b 000 0 jpn | ||
| 010 | |a 76808177 /J | ||
| 035 | 0 | |a ocm03927462 | |
| 040 | |a DLC |c OSU |d OSU |d OCL |d YNH | ||
| 050 | 0 | |a HD4313 |b .K34 | |
| 100 | 1 | |a Katō, Hiroshi, |d 1926- | |
| 245 | 1 | 0 | |a Gendai Nihon no kōkigyō : |b keiei saiken no to o saguru / |c Katō Hiroshi cho. |
| 260 | |a Tōkyō : |b Nihon Keizai Shinbunsha, |c Shōwa 51 [1976] | ||
| 300 | |a 159 p. ; |c 18 cm. | ||
| 490 | 0 | |a Nikkei shinsho ; |v 255 | |
| 504 | |a Bibliography: p. 158-159. | ||
| 650 | 0 | |a Government business enterprises |z Japan. | |
| 650 | 0 | |a Strikes and lockouts |x Civil service |z Japan. | |
| 988 | |a 20020608 | ||
| 906 | |0 DLC | ||


